عرض عادي عرض مارك
  • Collins, Shelly Rainforth.

مدخل إسم شخص

عدد التسجيلات المستخدمة في: 1

001 - رقم الضبط

  • حقل الضبط: 52186

003 - معرف رقم الضبط

  • حقل الضبط: OSt

005 - تاريخ ووقت أخر عملية

  • حقل الضبط: 20151013160614.0

008 - عناصر بيانات ثابتة الطول

  • حقل تحكم ثابت الطول: 151013|| aca||aabn | a|a d

040 ## - مصدر الفهرسة

  • هيئة الفهرسة الأصلية: OSt
  • وكالة الكتابة: OSt

100 ## - مدخل -- أسم شخص

  • إسم شخص: Collins, Shelly Rainforth.

670 ## - بيانات المصدر موجوده

  • الاستشهاد بالمصدر: Work cat.: (OSt)0: Lilley, Linda Lane. 10109, Pharmacology and the nursing process /, c2014.